Delta omega, the honorary public health society. (Record no. 16952)

MARC details
000 -LEADER
fixed length control field 00643cam a22002171 4500
001 - CONTROL NUMBER
control field ca 32000643
003 - CONTROL NUMBER IDENTIFIER
control field DLC
005 - DATE AND TIME OF LATEST TRANSACTION
control field 20260227111127.0
008 - FIXED-LENGTH DATA ELEMENTS--GENERAL INFORMATION
fixed length control field 810815s1932 xx 000 0 eng
010 ## - LIBRARY OF CONGRESS CONTROL NUMBER
LC control number ca 32000643
035 ## - SYSTEM CONTROL NUMBER
System control number (OCoLC)14743097
040 ## - CATALOGING SOURCE
Original cataloging agency DLC
Transcribing agency DNLM
Modifying agency DLC
042 ## - AUTHENTICATION CODE
Authentication code premarc
050 00 - LIBRARY OF CONGRESS CALL NUMBER
Classification number RA421
Item number .D3 1932
060 0# - NATIONAL LIBRARY OF MEDICINE CALL NUMBER
Classification number W 20.9
Item number D366d 1932
110 2# - MAIN ENTRY--CORPORATE NAME
Corporate name or jurisdiction name as entry element Delta Omega Society.
245 10 - TITLE STATEMENT
Title Delta omega, the honorary public health society.
Remainder of title Organization, constitution, by-laws, list of members.
250 ## - EDITION STATEMENT
Edition statement 3d ed., February 1, 1932.
260 ## - PUBLICATION, DISTRIBUTION, ETC.
Place of publication, distribution, etc. [New Haven,
Name of publisher, distributor, etc. Quinnipiack press, inc.,
Date of publication, distribution, etc. 1932]
300 ## - PHYSICAL DESCRIPTION
Extent 31 p.

No items available.

Powered by Koha